000 00622nam a22002057a 4500
003 NUST
005 20220825114754.0
008 190716b ||||| |||| 00| 0 eng d
038 _aMr. Zahoor
082 _a005
100 _aAzhar, Irfan.
_917755
245 _aKeeping Keys Secret in Physically Accessible Hosts /
_cIrfan Azhar
260 _aIslambad :
_bSEECS - NUST,
_c2015.
300 _ax, 104 p. : ill. ;
_c30cm.
500 _aHard cover.
650 _aCCS - MS Thesis
_917756
700 _aDr. Muhammad Awais Shibli
_917757
856 _uhttp://10.250.8.41:8080/xmlui/handle/123456789/6667
942 _2ddc
_cTHE
999 _c526757
_d526757